| 000 | 00485nam a2200193Ia 4500 | ||
|---|---|---|---|
| 005 | 20250603145832.0 | ||
| 008 | 250603s9999 xx 000 0 und d | ||
| 020 | _a9781111348304 | ||
| 050 | _aPN 2037 .D69/ | ||
| 100 | _aWilliam Missouri Downs | ||
| 245 | 4 | _aThe art of theatre : then and now | |
| 250 | _a3rd ed. | ||
| 260 | _aAustralia ; Boston | ||
| 260 | _bWadsworth Cengage Learning | ||
| 260 | _c2013 | ||
| 300 | _a471 p | ||
| 650 | _aAustralia ; Boston | ||
| 942 | _cBK | ||
| 999 |
_c42999 _d42999 |
||